| 000 | 01527nam a2200361Ia 4500 | ||
|---|---|---|---|
| 001 | 9780203111376 | ||
| 003 | BD-DhSAU | ||
| 005 | 20151012151717.0 | ||
| 006 | a|||||s||||||||||| | ||
| 007 | cr|||| | ||
| 008 | 121116s2013 nyuad sb 001 0 eng d | ||
| 020 | _a9780203111376 (e-book : PDF) | ||
| 040 |
_aBD-DhSAU _cBD-DhSAU |
||
| 090 |
_aHD2746.5 _b.M433 2013 |
||
| 092 |
_a338.83 _bM559 |
||
| 245 | 0 | 0 |
_aMergers and acquisitions _h[electronic resource] : _bthe critical role of stakeholders / _cedited by Helãaen Anderson, Virpi Havila, and Fredrik Nilsson. |
| 260 |
_aNew York : _bRoutledge, _c2013. |
||
| 300 |
_aviii, 289 p. : _bill. |
||
| 490 | 1 |
_aRoutledge advances in management and business studies ; _v52 |
|
| 504 | _aIncludes bibliographical references and index. | ||
| 505 | 0 | _apt. 1. Shareholders and top managers -- pt. 2. Middle managers and employees -- pt. 3. Suppliers and customers -- pt. 4. Public bodies, other parties of public interest, and scholars. | |
| 530 | _aAlso available in print edition. | ||
| 538 | _aMode of access: World Wide Web. | ||
| 650 | 0 | _aConsolidation and merger of corporations. | |
| 650 | 0 | _aSocial responsibility of business. | |
| 655 | 7 |
_aElectronic books. _2lcsh |
|
| 700 | 1 | _aAnderson, Helen. | |
| 700 | 1 | _aHavila, Virpi. | |
| 700 | 1 | _aNilsson, Fredrik. | |
| 776 | 1 | _z9780415536523 (hardback : alk. paper) | |
| 830 | 0 |
_aRoutledge advances in management and business studies ; _v52. |
|
| 856 | 4 | 0 | _uhttp://www.tandfebooks.com/isbn/9780203111376 |
| 999 |
_c12358 _d12357 |
||